00502nam a2200193 a 4500001001300000003000900013005001700022008004100039020000800080082001900088100001300107245002800120260005700148300000900205500003500214505001700249650002900266700001300295nice12345678IN_TiNIC20260116011442.0050524s1969 mada grp 000 0 eng  ac000a500.80201bENO aEnoch, P aEvolution Or Creatioin. aMadrasbUnion of Evangelical Students of Indiac1969 a172p aincludes index and biblioraphy2 aBIBLIOGRAPHY aChristianity and Science1 aEnoch, P